| 000 | 00568nam a2200205Ia 4500 | ||
|---|---|---|---|
| 003 | OSt | ||
| 005 | 20230509162543.0 | ||
| 008 | 210423s2002 xx 000 0 und d | ||
| 020 | _a1555812414 | ||
| 040 | _cAL | ||
| 041 | _aeng | ||
| 082 |
_a574.87322 _223 _bKRAR |
||
| 100 |
_aKRASNER (Robert I). _9101597 |
||
| 245 | _aMicrobial challenge: human microbe interactions. | ||
| 260 |
_aWashington _bButterworth Heinemann _c2002 |
||
| 300 | _axx,433 | ||
| 365 |
_b4156 _cINR |
||
| 906 | _achallenge: ; human ; interactions ; microbe ; Microbial | ||
| 942 |
_2ddc _cBK |
||
| 999 |
_c164064 _d164064 |
||